[Event "12. Süder Sommerpokal"]
[Site "Recklinghausen"]
[Date "2001.08.10"]
[Round "7"]
[White "Deinert, Wolfgang"]
[Black "Baumann, Ralf-Rüdiger"]
[Result "1-0"]
[WhiteElo "1771"]
[BlackElo "1460"]
[PlyCount "79"]
[EventDate "2001.??.??"]

1. e4 c5 2. Nf3 e6 3. d4 cxd4 4. Nxd4 Qb6 5. Nb3 Qc7 6. Nc3 a6 7. Bd3 Nf6 8.
Qe2 d6 9. Be3 b5 10. O-O-O Be7 11. g4 Nc6 12. g5 Nd7 13. f4 Nc5 14. h4 b4 15.
Nb1 a5 16. Nxc5 dxc5 17. Nd2 a4 18. f5 a3 19. b3 Qe5 20. Nc4 Qa1+ 21. Kd2 Qc3+
22. Kc1 Na5 23. Nxa5 Rxa5 24. Bb5+ Kf8 25. f6 gxf6 26. gxf6 Bxf6 27. Bh6+ Ke7
28. Rhf1 Qb2+ 29. Kd2 Rd8+ 30. Ke3 Qc3+ 31. Bd3 Bxh4 32. Rxf7+ Kxf7 33. Qh5+
Ke7 34. Qxh4+ Kd7 35. Bg7 Qxg7 36. Bb5+ Kc7 37. Qxd8+ Kb8 38. Qb6+ Qb7 39. Qxa5
Qg7 40. Qb6+ 1-0

[Event "12. Süder Sommerpokal"]
[Site "Recklinghausen"]
[Date "2001.08.10"]
[Round "7"]
[White "Stein, Daniel"]
[Black "Klutschko, Oleg"]
[Result "1/2-1/2"]
[WhiteElo "1601"]
[BlackElo "1233"]
[PlyCount "120"]
[EventDate "2001.??.??"]

1. d4 d5 2. c4 e6 3. Nc3 Nf6 4. Bg5 Be7 5. Nf3 O-O 6. e3 b6 7. cxd5 exd5 8. Qc2
Bb7 9. Bd3 h6 10. h4 Nbd7 11. Bxf6 Nxf6 12. Ne5 Bd6 13. Nf3 Re8 14. Qa4 c6 15.
Rc1 a6 16. Qc2 Rc8 17. Bf5 Rc7 18. g4 c5 19. g5 Ne4 20. gxh6 gxh6 21. Nd2 Rce7
22. Ndxe4 dxe4 23. d5 Bxd5 24. Rg1+ Kf8 25. Bh7 f6 26. Nxd5 Rxh7 27. Rg6 Re6
28. Qb3 Kf7 29. Nxf6 Kxg6 30. Nxh7 Kxh7 31. Qxe6 Qe7 32. Qxe7+ Bxe7 33. h5 Kg7
34. Ke2 Kf6 35. f4 exf3+ 36. Kxf3 Kf5 37. e4+ Ke5 38. Rd1 Ke6 39. Rd5 Bf6 40.
b3 a5 41. a4 Bg5 42. Ke2 Bf6 43. Kd3 Be7 44. Kc4 Bd6 45. Kb5 Bf4 46. Kc6 Be3
47. Rd8 Ke5 48. Rb8 Kxe4 49. Re8+ Kd3 50. Rxe3+ Kxe3 51. Kxb6 Kd4 52. Kxa5 Kc3
53. Kb5 Kxb3 54. Kxc5 Kxa4 55. Kd5 Kb5 56. Ke6 Kc6 57. Kf6 Kd7 58. Kg6 Ke7 59.
Kxh6 Kf7 60. Kh7 Kf8 1/2-1/2

[Event "12. Süder Sommerpokal"]
[Site "Recklinghausen"]
[Date "2001.08.10"]
[Round "7"]
[White "Krassontowitsch, Valentin"]
[Black "Bembennek, Ralf"]
[Result "0-1"]
[WhiteElo "1020"]
[BlackElo "1590"]
[PlyCount "50"]
[EventDate "2001.??.??"]

1. e4 e6 2. d4 d5 3. exd5 exd5 4. Nf3 Nf6 5. Bd3 Bg4 6. h3 Bh5 7. O-O Be7 8.
Bg5 O-O 9. Nbd2 Nbd7 10. c3 c5 11. dxc5 Bxc5 12. Be3 Bxe3 13. fxe3 Qc7 14. Bc2
Rfe8 15. Re1 Qb6 16. Nf1 Re7 17. Bb3 Ne5 18. g4 Bg6 19. g5 Bh5 20. N1h2 Nxf3+
21. Nxf3 Rxe3 22. Rxe3 Qxe3+ 23. Kg2 Ne4 24. Bxd5 Qf2+ 25. Kh1 Ng3# 0-1

[Event "12. Süder Sommerpokal"]
[Site "Recklinghausen"]
[Date "2001.08.10"]
[Round "7"]
[White "Rausch, Peter"]
[Black "Wolters, Gunnar"]
[Result "0-1"]
[WhiteElo "1478"]
[BlackElo "1432"]
[PlyCount "64"]
[EventDate "2001.??.??"]

1. e4 e5 2. Nf3 Nc6 3. Bb5 a6 4. Ba4 Nf6 5. O-O Be7 6. Re1 b5 7. Bb3 d6 8. h3
O-O 9. c3 Bb7 10. d4 exd4 11. cxd4 Na5 12. Bc2 d5 13. e5 Nd7 14. Qd3 g6 15. Bh6
Re8 16. e6 fxe6 17. Rxe6 Bf6 18. Rxe8+ Qxe8 19. Nc3 Qf7 20. Re1 Re8 21. Rxe8+
Qxe8 22. Ne2 Bg7 23. Be3 Nc4 24. Bc1 c6 25. b3 Nd6 26. Kh2 Bc8 27. h4 Nf6 28.
Ne5 Bf5 29. Qd2 Bxc2 30. Qxc2 Nf5 31. Qxc6 Nxd4 32. Qxe8+ Nxe8 0-1

[Event "12. Süder Sommerpokal"]
[Site "Recklinghausen"]
[Date "2001.08.10"]
[Round "7"]
[White "Kötz, Jan"]
[Black "Lange, Hans-Werner"]
[Result "0-1"]
[WhiteElo "1150"]
[BlackElo "1472"]
[PlyCount "58"]
[EventDate "2001.??.??"]

1. d4 Nf6 2. Bf4 g6 3. Nf3 Bg7 4. Nc3 O-O 5. e3 c5 6. dxc5 Qa5 7. Bd3 Nd5 8.
O-O Nxf4 9. exf4 Qxc5 10. Ne4 Qb6 11. Re1 d5 12. Neg5 f6 13. Nxh7 Kxh7 14. Nh4
f5 15. Rxe7 Qf6 16. Qe1 Qxh4 17. g3 Qf6 18. Re3 Nc6 19. Qf1 Nb4 20. Bb5 a6 21.
Ba4 d4 22. Qh3+ Bh6 23. Rf3 b5 24. Bb3 Bb7 25. Rd3 Qc6 26. f3 Nxd3 27. Qh4 Rae8
28. Qh3 Qxf3 29. Rf1 Qh1# 0-1